000 00609nam a2200241Ia 4500
003 OSt
005 20221007071111.0
006 a|||||r|||| 00| 0
007 ta
008 221006b |||||||| |||| 00| 0 eng d
020 _a9028600213
024 _a16,762
037 _cTextual
040 _aFLL
_cFLL
_beng
041 _2eng
_aeng
082 _aY1:5:5Z, L1
100 _aLee Luke T.
_997868
245 0 _aPopulation and law
260 _aLeiden
_bA.W. Sijthoff Leiden
_c1971
300 _a452p
_ccm.
942 _hY1:5:5Z, L1
_cTEXL
_2CC
999 _c1142455
_d1142455